| 000 -LEADER |
| fixed length control field |
00461cam a22001457a 4500 |
| 008 - FIXED-LENGTH DATA ELEMENTS--GENERAL INFORMATION |
| fixed length control field |
180718b1999 xxu||||| |||| 00| 0 eng d |
| 082 ## - DEWEY DECIMAL CLASSIFICATION NUMBER |
| Classification number |
B3 Ar57 |
| 100 ## - MAIN ENTRY--PERSONAL NAME |
| Personal name |
Armstrong, Jim |
| 245 ## - TITLE STATEMENT |
| Title |
From controlling to collaborating: when governments want to be partners |
| Statement of responsibility, etc. |
by Jim Armstrong and Donald G. Lenihan |
| 260 ## - PUBLICATION, DISTRIBUTION, ETC. |
| Place of publication, distribution, etc. |
Canada |
| Name of publisher, distributor, etc. |
IPAC |
| Date of publication, distribution, etc. |
1999 |
| 300 ## - PHYSICAL DESCRIPTION |
| Extent |
59p. |
| 650 ## - SUBJECT ADDED ENTRY--TOPICAL TERM |
| Topical term or geographic name entry element |
Poor families --Services for. |
| 650 ## - SUBJECT ADDED ENTRY--TOPICAL TERM |
| Topical term or geographic name entry element |
Family services |
| 700 ## - ADDED ENTRY--PERSONAL NAME |
| Personal name |
Lenihan, Donald G. |